Quizz Culture Générale - Statistiques

Statistiques générales
  • Ce quiz a été pris 1 888 fois
  • Le résultat moyen est 9 sur 15
Statistiques - réponses
Question Réponse % Correct
Quel est le plus grand désert du monde ? Le désert du Sahara
98%
Quelle est la formule chimique de l'eau ? H₂O
94%
Quel athlète détient le record du monde du 100 mètres avec un temps de 9,58 secondes ? Usain Bolt
87%
Quelle est la plus grande planète du système solaire ? Jupiter
84%
Quelle bataille a marqué la fin de l'Empire napoléonien en 1815 ? La bataille de Waterloo
82%
Quel compositeur allemand est connu pour sa "Symphonie n°9" ? Ludwig van Beethoven
79%
Quelle entreprise a été fondée par Bill Gates et Paul Allen en 1975 ? Microsoft
76%
Quel plat italien est traditionnellement préparé avec du riz Arborio, du bouillon, du vin blanc et du fromage parmesan ? Le risotto
65%
Quel peintre est célèbre pour ses œuvres cubistes, comme "Les Demoiselles d'Avignon" ? Pablo Picasso
61%
Quel philosophe grec est connu pour avoir écrit "La République" ? Platon
58%
Dans la mythologie grecque, qui est le dieu du soleil et de la musique, fils de Zeus et de Leto ? Apollon
37%
Qui est l'auteur du roman "Guerre et Paix" ? Léon Tolstoï
31%
Quel économiste britannique est connu pour son ouvrage "La Richesse des Nations" publié en 1776 ? Adam Smith
17%
Quel film a remporté l'Oscar du meilleur film en 1995 ? Forrest Gump
13%
Qui est l'auteur de la célèbre citation "Le gouvernement du peuple, par le peuple, pour le peuple" ? Abraham Lincoln
11%
Aucun quiz correspondant
Distribution des résultats
% des personnes avec chaque résultat
Percentile par nombre de réponses
Votre historique - résultats
Vous n’avez pas pris ce quiz